Electricity & Magnetism: (Record no. 78329)

MARC details
000 -LEADER
fixed length control field 00703nam a22002057a 4500
005 - DATE AND TIME OF LATEST TRANSACTION
control field 20130808164308.0
010 ## - LCCN (DPL NO)
LC control number B-508424-425
020 ## - INTERNATIONAL STANDARD BOOK NUMBER
International Standard Book Number 9788188222117
Terms of availability 325.00
035 ## - SYSTEM CONTROL NUMBER
System control number B-508424-425
037 ## - SOURCE OF ACQUISITION
Stock number KKP/Ven
082 ## - DEWEY DECIMAL CLASSIFICATION NUMBER
Classification number 537
100 ## - MAIN ENTRY--PERSONAL NAME
Personal name Pandey, D.C.
245 ## - TITLE STATEMENT
Title Electricity & Magnetism:
Remainder of title understanding physics/
Statement of responsibility, etc by D.C. Pandey
260 ## - PUBLICATION, DISTRIBUTION, ETC. (IMPRINT)
Place of publication, distribution, etc New Delhi
Name of publisher, distributor, etc Arihant Publications (India) Ltd.
270 ## - ADDRESS
Address 4577/15,Agarwal Road,Darya Ganj,
City New Delhi
Postal code 110002
Telephone number 47630600
Fax number 23280316
300 ## - PHYSICAL DESCRIPTION
Extent 582p.
Dimensions 24cm.(pbk)
500 ## - GENERAL NOTE
General note Include index
942 ## - ADDED ENTRY ELEMENTS (KOHA)
Source of classification or shelving scheme Dewey Decimal Classification
Item type English Books
Call number suffix PAN
Classification part 537
Holdings
Withdrawn status Lost status Not for loan Collection code Home library Current library Date acquired Source of acquisition Cost, normal purchase price Full call number Barcode Copy number Cost, replacement price Koha item type
      Non-fiction Sarojini Nagar Sarojini Nagar 08/08/2013 KKP/3014/19.03.2013/72/18.03.2013/22.03.2013 325.00 537 PAN B-508424 1 325.00 English Books
  Written-off vide DLB M. No. 383 dt 16.05.19   Non-fiction Sarojini Nagar Sarojini Nagar 08/08/2013 KKP/3014/19.03.2013/72/18.03.2013/22.03.2013 325.00 537 PAN B-508425 1 325.00 English Books

© Delhi Public Library
Hit Counter
free hit counter